Why am I afraid to tell you I'm a Christian?: (Record no. 10677)

000 -LEADER
fixed length control field 00664nam a2200193 a 4500
001 - CONTROL NUMBER
control field :::00008466$&:&@@
003 - CONTROL NUMBER IDENTIFIER
control field OkBaRHE
005 - DATE AND TIME OF LATEST TRANSACTION
control field 20100401161534.0
008 - FIXED-LENGTH DATA ELEMENTS--GENERAL INFORMATION
fixed length control field s1983 j 000 0 eng u
040 ## - CATALOGING SOURCE
Transcribing agency
100 1# - MAIN ENTRY--PERSONAL NAME
Personal name Posterski, Donald C., 1942-
245 10 - TITLE STATEMENT
Title Why am I afraid to tell you I'm a Christian?:
Remainder of title witnessing Jesus' way.
260 ## - PUBLICATION, DISTRIBUTION, ETC. (IMPRINT)
Place of publication, distribution, etc Downers Grove, IL., :
Name of publisher, distributor, etc InterVarsity Press
Date of publication, distribution, etc 1983
300 ## - PHYSICAL DESCRIPTION
Extent 114 p. : illus. ;
Dimensions 18 cm.
650 ## - SUBJECT ADDED ENTRY--TOPICAL TERM
Topical term or geographic name as entry element Evangelistic Work
650 ## - SUBJECT ADDED ENTRY--TOPICAL TERM
Topical term or geographic name as entry element Witness Bearing (Christianity)
942 ## - ADDED ENTRY ELEMENTS (KOHA)
Source of classification or shelving scheme
Koha item type Books
Copies
Barcode Shelving location Price effective from Full call number Withdrawn status Copy number Koha item type Permanent Location Date last seen Damaged status Lost status Date acquired Source of classification or shelving scheme Not for loan
8466General Stacks2010-04-14BV 3790 .P653 1983 1BooksRHEMA Bible Training College2010-04-14  2010-04-14